01369nam a22002657a 45000010005000000030006000050050017000110080041000280200015000690400029000840820012001131000019001252450132001442500025002762600045003013000044003465050008003905200466003985210029008645210020008937000037009139420015009509990015009659520123009809907FISKH20260313121713.0260313b cb ||||| |||| 00| 0 eng d a0202122296 aFISKHbengcFISKHdFISKH a821.914 aGilmore , Mary aThe singing tree :bA selection of Mary Gilmore's poetry for young readers /cBy Mary Gilmore : Illustrated by Astra Lacis Dick aFirst published 1971 aLondon : bAngus and Robertson , c1971. a72 pages : billustrations ; c22 cm .  aR  aThe Singing Tree is a collection of poems selected from the works of Mary Gilmore for young readers. The poems talk about: nature and trees Australian countryside and animals childhood and family feelings and imagination The poems use simple but beautiful language to help children enjoy poetry and understand emotions, nature, and everyday life. The book encourages young readers to appreciate nature, kindness, and imagination through rhythm and imagery.8 a750 bLexile estimate 8 aR bRaz-Plus  aDick , Astra LaciseIllustrator  2ddccBKn0 c9907d9907 00102ddc40708JUVFa002b002cTTP Oranged2026-03-13l0oGIL 821.914pFIS04886r2026-03-13 12:17:03w2026-03-13yBK